Statistics for Merged Company Logos #2

Click here to take the quiz!

General Stats

  • This quiz has been taken 55,496 times
  • The average score is 24 of 32

Answer Stats

HintSectorAnswer% Correct
Social Media ๐Ÿ‡บ๐Ÿ‡ธFacebook
98%
Social Media ๐Ÿ‡บ๐Ÿ‡ธInstagram
97%
Social Media ๐Ÿ‡บ๐Ÿ‡ธTwitter
97%
Entertainment ๐Ÿ‡บ๐Ÿ‡ธDisney
96%
Food ๐Ÿ‡บ๐Ÿ‡ธDomino's Pizza
96%
Automotive ๐Ÿ‡บ๐Ÿ‡ธFord
96%
Technology ๐Ÿ‡ฐ๐Ÿ‡ทLG
95%
Beverage ๐Ÿ‡ฆ๐Ÿ‡นRed Bull
94%
Food ๐Ÿ‡บ๐Ÿ‡ธTaco Bell
94%
Furniture ๐Ÿ‡ธ๐Ÿ‡ชIKEA
93%
Automotive ๐Ÿ‡ฉ๐Ÿ‡ชVolkswagen
90%
Technology ๐Ÿ‡บ๐Ÿ‡ธAndroid
88%
Fashion ๐Ÿ‡ธ๐Ÿ‡ชH&M
87%
Cuteness
(ใ‹ใ‚ใ„ใ„) ๐Ÿ‡ฏ๐Ÿ‡ต
Sanrio
85%
Footwear ๐Ÿ‡บ๐Ÿ‡ธVans
83%
Automotive ๐Ÿ‡ฎ๐Ÿ‡นFerrari
82%
Fashion ๐Ÿ‡บ๐Ÿ‡ธ
Polo
Ralph Lauren
80%
Sport ๐Ÿ‡ฉ๐Ÿ‡ชPuma
80%
Finance ๐Ÿ‡บ๐Ÿ‡ธVisa
80%
Automotive ๐Ÿ‡ฉ๐Ÿ‡ชPorsche
73%
Outdoorwear ๐Ÿ‡บ๐Ÿ‡ธThe North Face
73%
Fashion ๐Ÿ‡บ๐Ÿ‡ธTommy Hilfiger
68%
Oil & Gas ๐Ÿ‡ฌ๐Ÿ‡งBP
66%
Chocolate ๐Ÿ‡จ๐Ÿ‡ญToblerone
65%
Footwear
Retail ๐Ÿ‡บ๐Ÿ‡ธ
Foot Locker
60%
Technology ๐Ÿ‡บ๐Ÿ‡ธIBM
59%
Photography ๐Ÿ‡บ๐Ÿ‡ธKodak
56%
Fashion ๐Ÿ‡บ๐Ÿ‡ธLevi's
52%
Outdoorwear ๐Ÿ‡บ๐Ÿ‡ธTimberland
47%
Software ๐Ÿ‡บ๐Ÿ‡ธAdobe
38%
Food ๐Ÿ‡บ๐Ÿ‡ธHeinz
34%
Surf/snow
Apparel ๐Ÿ‡บ๐Ÿ‡ธ
Quiksilver
27%

Score Distribution

Percentile by Number Answered

Percent of People with Each Score

Your Score History

You have not taken this quiz